Discurso sobre el influjo que ha tenido la crítica moderna en la decadencia del teatro antiguo español, y sobre el modo con que debe ser considerado para juzgar convenientemente de su mérito peculiar / (Record no. 10162)

MARC details
000 -LEADER
campo de control de longitud fija 00934nam a2200241 i 4500
001 - NÚMERO DE CONTROL
campo de control 10162
003 - IDENTIFICADOR DE NÚMERO DE CONTROL
campo de control ES-MaACL
005 - FECHA Y HORA DE LA ÚLTIMA TRANSACCIÓN
campo de control 20250920063027.0
007 - CAMPO FIJO DE DESCRIPCIÓN FÍSICA--INFORMACIÓN GENERAL
campo de control de longitud fija t|
008 - DATOS DE LONGITUD FIJA--INFORMACIÓN GENERAL
campo de control de longitud fija 950314s1994 sp |||| | spa d
020 ## - NÚMERO INTERNACIONAL ESTÁNDAR DEL LIBRO
Número Internacional Estándar del Libro 84-8160-011-3
100 1# - ENTRADA PRINCIPAL--NOMBRE DE PERSONA
Nombre de persona Durán, Agustín,
Fechas asociadas al nombre 1793-1862
9 (RLIN) 46168
245 10 - MENCIÓN DEL TÍTULO
Título Discurso sobre el influjo que ha tenido la crítica moderna en la decadencia del teatro antiguo español, y sobre el modo con que debe ser considerado para juzgar convenientemente de su mérito peculiar /
Mención de responsabilidad, etc. Agustín Durán ; [edición de D.L. Shaw].
260 ## - PUBLICACIÓN, DISTRIBUCIÓN, ETC.
Lugar de publicación, distribución, etc. Málaga :
Nombre del editor, distribuidor, etc. Librería Agora,
Fecha de publicación, distribución, etc. D.L. 1994.
300 ## - DESCRIPCIÓN FÍSICA
Extensión 117 p. ;
Dimensiones 19 cm.
490 1# - MENCIÓN DE SERIE
Mención de serie Hybris ;
Designación de volumen o secuencia 8
504 ## - NOTA DE BIBLIOGRAFÍA, ETC.
Nota de bibliografía, etc. Bibliografía: p. [113]-117.
650 14 - PUNTO DE ACCESO ADICIONAL DE MATERIA--TÉRMINO DE MATERIA
Término de materia o nombre geográfico como elemento de entrada Teatro español-
Subdivisión cronológica S.XVI-XVII-
Subdivisión general Historia y crítica.
9 (RLIN) 17353
700 1# - ENTRADA AGREGADA--NOMBRE PERSONAL
Nombre de persona Shaw, Donald L.
9 (RLIN) 106026
830 0# - PUNTO DE ACCESO ADICIONAL DE SERIE-TÍTULO UNIFORME
Título uniforme Hybris ;
Designación de volumen o secuencia 8
9 (RLIN) 178647
852 ## - LOCALIZACIÓN
Ubicación ES-MaACL
Número de control de estantería L-17721
Holdings
Estatus retirado Estado de pérdida Estado de daño No para préstamo Biblioteca de origen Biblioteca actual Ubicación en estantería Fecha de adquisición Fuente de adquisición Total de préstamos Signatura topográfica completa Código de barras Visto por última vez Precio de reemplazo Tipo de ítem Koha
        Biblioteca del Ateneo de Madrid Biblioteca del Ateneo de Madrid Depósito 2 17/01/2008     L-17721 1010371 23/02/2023 23/02/2023 Libro impreso